Statistics for Hiragana Words Quiz 2

Click here to take the quiz!

General Stats

  • This quiz has been taken 61 times
  • The average score is 9 of 10

Answer Stats

HintAnswer% Correct
すしsushi
100%
かばんkaban
94%
くださいkudasai
94%
おはようohayou
94%
たこやきtakoyaki
94%
おりがみorigami
91%
たべますtabemasu
87%
かのじょkanojo
85%
にちようびnichiyoubi
81%
じてんしゃjitensha
72%

Score Distribution

Percentile by Number Answered

Percent of People with Each Score

Your Score History

You have not taken this quiz